Capitales du monde : 2 premières lettres en 60s (AVEC CARTE) - Statistiques

Statistiques générales
  • Ce quiz a été pris 1 822 fois
  • Le résultat moyen est 83 sur 196
Réponses sur la Carte
Les réponses sont colorées sur une échelle allant du rouge au vert en fonction du pourcentage des utilisateurs qui les ont devinées à leur premier essai. Vous pouvez retrouver ces pourcentages ci-dessous.
 
Statistiques - réponses
Pays Capitales Initiales % Correct
France Paris Pa
91%
Micronésie Palikir Pa
91%
Panama Panama Pa
91%
Suriname Paramaribo Pa
91%
Afrique du sud Le Cap / Pretoria Le / Pr
89%
Bahreïn Manama Ma
87%
Espagne Madrid Ma
87%
Guinée Equatoriale Malabo Ma
87%
Îles Marshall Majuro Ma
87%
Lesotho Maseru Ma
87%
Maldives Malé Ma
87%
Mozambique Maputo Ma
87%
Nicaragua Managua Ma
87%
Oman Mascate Ma
87%
Philippines Manille Ma
87%
Comores Moroni Mo
84%
Libéria Monrovia Mo
84%
Monaco Monaco Mo
84%
Russie Moscou Mo
84%
Somalie Mogadiscio Mo
84%
Uruguay Montevideo Mo
84%
États-Unis Washington Wa
82%
Barbade Bridgetown Br
79%
Belgique Bruxelles Br
79%
Brésil Brasilia Br
79%
Rép. du Congo Brazzaville Br
79%
Slovaquie Bratislava Br
79%
Gabon Libreville Li
76%
Malawi Lilongwe Li
76%
Pérou Lima Li
76%
Portugal Lisbonne Li
76%
Australie Canberra Ca
73%
Ste-Lucie Castries Ca
73%
Vénézuela Caracas Ca
73%
Royaume-Uni Londres Lo
69%
Togo Lomé Lo
69%
Swaziland / Eswatini Mbabane / Lobamba Mb / Lo
69%
Palaos Melekeok / Ngerulmud Me / Ng
68%
Mexique Mexico Me
67%
Chine Pékin
67%
Allemagne Berlin Be
66%
Bélize Belmopan Be
66%
Liban Beyrouth Be
66%
Serbie Belgrade Be
66%
Suisse Berne Be
66%
Burundi Gitega / Bujumbura Gi / Bu
64%
Canada Ottawa Ot
63%
Argentine Buenos Aires Bu
62%
Hongrie Budapest Bu
62%
Roumanie Bucarest Bu
62%
Antigua et Barbuda Saint-John's Sa
62%
Bosnie-Herzégovine Sarajevo Sa
62%
Chili Santiago Sa
62%
Costa Rica San José Sa
62%
Grenade Saint-Georges Sa
62%
Rép. Dominicaine Saint-Domingue Sa
62%
Salvador San Salvador Sa
62%
Sao Tomé-et-Principe Sao Tomé Sa
62%
St-Marin Saint-Marin Sa
62%
Yémen Sanaa Sa
62%
Bolivie La Paz / Sucre La / Su
60%
Algérie Alger Al
59%
Bénin Cotonou / Porto Novo Co / Po
56%
Japon Tokyo To
54%
Inde New Delhi Ne
51%
Cuba La Havane La
50%
Malte La Valette La
50%
Égypte Le Caire Le
50%
Norvège Oslo Os
50%
Islande Reykjavik Re
50%
Andorre Andorre-la-Vieille An
49%
Madagascar Antananarivo An
49%
Turquie Ankara An
49%
Irlande Dublin Du
48%
Maroc Rabat Ra
48%
Tunisie Tunis Tu
46%
Azerbaïdjan Bakou Ba
45%
Brunéï Bandar Seri Begawan Ba
45%
Centrafrique Bangui Ba
45%
Gambie Banjul Ba
45%
Irak Bagdad Ba
45%
Mali Bamako Ba
45%
St-Christophe-et-Niévès Basseterre Ba
45%
Thaïlande Bangkok Ba
45%
Suède Stockholm St
44%
Vatican Cité du Vatican Ci
41%
Sri Lanka Colombo / Sri Jayawardenapura Kotte Co / Sr
40%
Finlande Helsinki He
40%
Ukraine Kyiv / Kiev Ki
40%
Jamaïque Kingston Ki
39%
RD Congo Kinshasa Ki
39%
Rwanda Kigali Ki
39%
St-Vincent-et-les-Grenadines Kingstown Ki
39%
Colombie Bogota Bo
38%
Arabie Saoudite Riyad Ri
38%
Lettonie Riga Ri
38%
Angola Luanda Lu
36%
Luxembourg Luxembourg Lu
36%
Zambie Lusaka Lu
36%
Érythrée Asmara As
35%
Kazakhstan Astana As
35%
Paraguay Asuncion As
35%
Danemark Copenhague Co
35%
Guinée Conakry Co
35%
Haïti Port-au-Prince Po
34%
Île Maurice Port-Louis Po
34%
Monténégro Podgorica Po
34%
Papouasie-Nouvelle-Guinée Port Moresby Po
34%
Trinité-et-Tobago Port-d'Espagne Po
34%
Vanuatu Port-Vila Po
34%
Corée du Sud Séoul
34%
Liechtenstein Vaduz Va
34%
Pologne Varsovie Va
34%
Dominique Roseau Ro
33%
Italie Rome Ro
33%
Biélorussie Minsk Mi
31%
Estonie Tallinn Ta
31%
Kiribati Tarawa Ta
31%
Ouzbekistan Tachkent Ta
31%
Taïwan Taipei Ta
31%
Nouvelle-Zélande Wellington We
31%
Israël Jérusalem / Tel Aviv Jé / Te
30%
Bahamas Nassau Na
30%
Kenya Nairobi Na
30%
Myanmar / Birmanie Naypyidaw Na
30%
Burkina Faso Ouagadougou Ou
30%
Mongolie Oulan-Bator Ou
30%
Libye Tripoli Tr
29%
Afganistan Kaboul Ka
27%
Népal Katmandou Ka
27%
Ouganda Kampala Ka
27%
Bangladesh Dacca Da
26%
Sénégal Dakar Da
26%
Syrie Damas Da
26%
Indonésie Jakarta Ja
26%
Autriche Vienne Vi
26%
Laos Vientiane Vi
26%
Lituanie Vilnius Vi
26%
Seychelles Victoria Vi
26%
Honduras Tegucigalpa Te
25%
Iran Téhéran
25%
Chypre Nicosie Ni
24%
Niger Niamey Ni
24%
Cap-Vert Praia Pr
24%
Kosovo Pristina Pr
24%
Rép. Tchèque Prague Pr
24%
Fidji Suva Su
23%
Jordanie Amman Am
22%
Pays-Bas Amsterdam Am
22%
Guinée-Bissau Bissau Bi
22%
Kirghizistan Bichkek Bi
22%
Équateur Quito Qu
22%
Corée du Nord Pyongyang Py
21%
Mauritanie Nouakchott No
20%
Grèce Athènes At
19%
Viêt Nam Hanoï Ha
19%
Zimbabwe Harare Ha
19%
Albanie Tirana Ti
19%
Qatar Doha Do
18%
Tadjikistan Douchanbé Do
18%
Tanzanie Dodoma Do
18%
Singapour Singapour Si
18%
Bulgarie Sofia So
18%
Pakistan Islamabad Is
15%
Émirats Arabes Unis Abou Dabi Ab
14%
Nigeria Abuja Ab
14%
Guyana Georgetown Ge
13%
Guatemala Guatemala Gu
13%
Malaisie Kuala Lumpur Ku
12%
Namibie Windhoek Wi
12%
Éthiopie Addis-Abeba Ad
11%
Timor Oriental Dili Di
11%
Botswana Gaborone Ga
11%
Tonga Nukualofa Nu
11%
Ghana Accra Ac
10%
Turkménistan Achgabat Ac
10%
Soudan Khartoum Kh
10%
Koweït Koweït Ko
10%
Croatie Zagreb Za
10%
Moldavie Chisinau Ch
9%
Djibouti Djibouti Dj
9%
Soudan su Sud Djouba Dj
9%
Sierra Leone Freetown Fr
9%
Îles Salomon Honiara Ho
8%
Cameroun Yaoundé Ya
8%
Côte d'Ivoire Yamoussoukro Ya
8%
Nauru Yaren Ya
8%
Arménie Erevan Er
7%
Tchad Ndjamena Nd
7%
Cambodge Phnom Penh Ph
7%
Bhoutan Thimphou Th
7%
Samoa Apia Ap
6%
Tuvalu Funafuti Fu
4%
Slovénie Ljubljana Lj
4%
Macédoine du Nord Skopje Sk
4%
Géorgie Tbilissi Tb
3%
Aucun quiz correspondant
Distribution des résultats
% des personnes avec chaque résultat
Percentile par nombre de réponses
Votre historique - résultats
Vous n’avez pas pris ce quiz